000 00505nam a2200169 4500
001 113005
003 ES-MaACL
005 20230906185726.0
007 t|
008 061121s1972 sp r ||||1| spa d
100 1 _aMusgrave, P. W.
_984679
245 1 0 _aSociología de la educación /
_cP. W. Musgrave ; versión de Juan Andrés Iglesias.
260 _aBarcelona :
_bHerder,
_c1972.
300 _a368 p. ;
_c22 cm.
700 1 _aIglesias, Juan Andrés.
_965084
852 _aES-MaACL
_jC-42932
_bR.82531
999 _c113005
_d113005